Statistics for Countries Visiting Costa Rica the Most

Click here to take the quiz!

General Stats

  • This quiz has been taken 339 times
  • The average score is 14 of 15

Answer Stats

VisitorsVisiting Country% Correct
1,077,044United States
100%
175,771Canada
97%
97,135Panama
96%
84,940Mexico
95%
446,870Nicaragua
94%
41,185Colombia
93%
47,499United Kingdom
93%
54,773France
92%
65,188Spain
90%
39,560Honduras
89%
66,450Germany
88%
57,600Guatemala
86%
69,427El Salvador
85%
28,406Venezuela
81%
34,745Italy
80%

Score Distribution

Percentile by Number Answered

Percent of People with Each Score

Your Score History

You have not taken this quiz